Ordinal and symbolic data analysis : proceedings of the International Conference on Ordinal and Symbolic Data Analysis - OSDA '95, Paris, June 20-23, 1995
Αποθηκεύτηκε σε:
| Συγγραφή απο Οργανισμό/Αρχή: | |
|---|---|
| Άλλοι συγγραφείς: | , , |
| Μορφή: | Βιβλίο |
| Γλώσσα: | English |
| Δημοσίευση: |
Belrin :
Springer,
c1996
|
| Σειρά: | Studies in classification, data analysis, and knowledge organization
|
| Θέματα: | |
| Ετικέτες: |
Προσθήκη ετικέτας
Δεν υπάρχουν, Καταχωρήστε ετικέτα πρώτοι!
|
MARC
| LEADER | 00000nam a2200000 i 4500 | ||
|---|---|---|---|
| 001 | 1/16180 | ||
| 008 | 010122s1996 eng d | ||
| 020 | |a 3-540-61081-2 | ||
| 035 | |l 10065684 | ||
| 040 | |a GR-MY-UA |b gre |e aacr | ||
| 041 | 0 | |a eng | |
| 082 | 0 | |a 519.535 | |
| 110 | 2 | |a International Conference on Ordinal and Symbolic Data Analysis. | |
| 245 | 1 | 0 | |a Ordinal and symbolic data analysis : |b proceedings of the International Conference on Ordinal and Symbolic Data Analysis - OSDA '95, Paris, June 20-23, 1995 / |c Edwin Diday, Yves Lechevallier, Otto Opitz (eds.) |
| 260 | |a Belrin : |b Springer, |c c1996 | ||
| 300 | |a ix, 368 p.; |b ill.; |c 25 cm. | ||
| 490 | 1 | |a Studies in classification, data analysis, and knowledge organization | |
| 504 | |a Includes bibliographical references and index | ||
| 650 | 0 | 0 | |a Multivariate analysis |x Congress. |
| 700 | 1 | |a Diday, E. |4 edt | |
| 700 | 1 | |a Lechevallier, Y. |4 edt | |
| 700 | 0 | |a Opitz, Otto. |4 edt | |
| 830 | 0 | |a Studies in classification, data analysis, and knowledge organization | |
| 852 | |a INST |b SYROS |e 20010122 |h 519.535 INT |p 005500001673 |q 005500001673 |t BK |y 0 | ||
| 901 | |a BIBL5-2001-1 | ||
| 909 | |a Ε |b 084504 | ||
| 922 | |a 5ΕΛΗ |b 200012 |c ΓΡΑΦΙΚΩΝ ΤΕΧΝΩΝ |d ΜΙΧΑΛΟΠΟΥΛΟΣ | ||
| 950 | |a 183-2000-12-09 | ||
| 970 | |a ΚΟΝΤΟΥ |b ΠΑΡΑΣΚΕΥΗ |z 2001/02/14 | ||